Sports General Knowledge #8 - Statistics

General Stats
  • This quiz has been taken 215 times
  • The average score is 11 of 20
Answer Stats
Question Answer % Correct
Name any of the players that make up the big 3 in tennis Novak Djokovic | Roger Federer | Rafael Nadal
88%
Which German football team play at the Allianz Arena? Bayern Munich
83%
What is the maximum number of clubs a golfer is allowed to carry in a tournament? 14
78%
Which country are Ajax from? Netherlands
78%
Which NBA team plays at Madison Square Garden? New York Knicks
75%
Which country is Manny Pacquiao from? Philippines
69%
Which year did the Premier League start? 1992
63%
What team did Tom Brady finish his career with? Tampa Bay Buccaneers
62%
Who was the most recent player to complete the golfing grand slam? Rory McIlroy
56%
Which football club has the most UEFA Europa Leagues? Sevilla
56%
Which fighter is nicknamed “Bones”? Jon Jones
55%
Which MLB team broke the “Curse of the Bambino” by winning the World Series in 2004? Boston Red Sox
51%
In motorsport, what does the acronym DRS stand for in Formula 1? Drag Reduction System
46%
How many laps are in the Daytona 500? 200
40%
What is the name of the cricket composite team from a chain of fifteen Caribbean nation-states and territories West Indies
40%
In Major League Baseball, what is the term for a player who bats in place of the pitcher? Designated Hitter
37%
In which sport can you win a match by ippon? Judo
31%
What is the term for a score of four under par on a single hole in golf? Condor
22%
What is the traditional boat race between Oxford and Cambridge called? The Boat Race
13%
Who was the first basketball player to record a quadruple-double in an NBA game? Nate Thurmond
7%
No matching quizzes found
Score Distribution
Percent of People with Each Score
Percentile by Number Answered
Your Score History
You have not taken this quiz